LEADER 01344nam0 22003371i 450 001 UON00328346 005 20231205104209.975 100 $a20090730d1964 |0itac50 ba 101 $aita 102 $aIT 105 $a|||| 1|||| 200 1 $aˆLa ‰città nella storia$fLewis Mumford 205 $a2a ed.$briveduta 210 $a[Milano]$cEdizioni Comunità$d1964 215 $a782 p., 64 c. di tav.$cill.$d24 cm 410 1$1001UON00328361$12001 $aPassato e presente$1210 $aMilano$cEdizioni Comunità$v9 500 1$3UON00378509$aˆThe ‰city in history.$914006 606 $aCittà$xStoria$3UONC018234$2FI 606 $aGeografia storica$3UONC000066$2FI 606 $aUrbanistica$3UONC007727$2FI 620 $aIT$dMilano$3UONL000005 676 $a307.7609$cComunità urbane - Trattamento geografico$v21 676 $a711$cUrbanistica$v21 700 1$aMumford$bLewis$3UONV015056$03646 712 $aEdizioni Comunità$3UONV265593$4650 801 $aIT$bSOL$c20260410$gRICA 899 $aSIBA - SISTEMA BIBLIOTECARIO DI ATENEO E ARCHIVIO STORICO$2UONSI 912 $aUON00328346 950 $aSIBA - SISTEMA BIBLIOTECARIO DI ATENEO E ARCHIVIO STORICO$dSI ITA II 0554 $eSI MR 78265 5 0554 996 $aCity in history$914006 997 $aUNIOR